IV reunión de embajadores

Guardat en:
Dades bibliogràfiques
Format: Llibre
Idioma:espanyol
Publicat: Ciudad de México Secretaría de Relaciones Exteriores 1994
Matèries:
Etiquetes: Afegir etiqueta
Sense etiquetes, Sigues el primer a etiquetar aquest registre!

MARC

LEADER 00000nam a2200000 a 4500
001 UCY3878
003 CL-VaPUC
008 950119e19940000MX |||||||||||||||||spa|d
082 0 4 |a 327  |b REU  |2 21 
245 1 0 |a IV reunión de embajadores 
300 |a 136 p 
942 |c BK 
945 |d 19950119 00:00:00  |a aalvarez 
260 |a Ciudad de México  |b Secretaría de Relaciones Exteriores  |c 1994 
650 0 |a Política mundial  |9 255739 
650 7 |a GRANDES POTENCIAS  |2 CL-VaPUC  |9 332301 
583 |a last modification  |c 19950119 00:00:00  |k Rodrigo Vera 
999 |c 231916  |d 231914 
952 |0 0  |1 0  |4 0  |6 327_000000000000000_REU_1994  |7 0  |8 A  |9 235737  |a BIBDER  |b BIBDER  |d 2019-11-15  |i 305361K  |o 327 REU 1994  |p 305361K  |r 2023-01-25  |w 2019-11-15  |y BK  |k DER